<?xml version="1.0" encoding="UTF-8"?>
<record
    xmlns:xsi="http://www.w3.org/2001/XMLSchema-instance"
    xsi:schemaLocation="http://www.loc.gov/MARC21/slim http://www.loc.gov/standards/marcxml/schema/MARC21slim.xsd"
    xmlns="http://www.loc.gov/MARC21/slim">

  <leader>02711cam a2200289 a 4500</leader>
  <controlfield tag="001">17261322</controlfield>
  <controlfield tag="003">OSt</controlfield>
  <controlfield tag="005">20231004135836.0</controlfield>
  <controlfield tag="008">120418s2010    maua     b    000 0 eng  </controlfield>
  <datafield tag="010" ind1=" " ind2=" ">
    <subfield code="a">  2011292801</subfield>
  </datafield>
  <datafield tag="020" ind1=" " ind2=" ">
    <subfield code="a">9780136027164 (pbk.)</subfield>
  </datafield>
  <datafield tag="020" ind1=" " ind2=" ">
    <subfield code="a">0136027164 (pbk.)</subfield>
  </datafield>
  <datafield tag="040" ind1=" " ind2=" ">
    <subfield code="a">WIUC - GH</subfield>
    <subfield code="c">WIUC - GH</subfield>
  </datafield>
  <datafield tag="042" ind1=" " ind2=" ">
    <subfield code="a">pcc</subfield>
  </datafield>
  <datafield tag="050" ind1="0" ind2="0">
    <subfield code="a">HF5415.32</subfield>
    <subfield code="b">.G7295 2010</subfield>
  </datafield>
  <datafield tag="100" ind1="1" ind2=" ">
    <subfield code="a">Graham, Judy</subfield>
    <subfield code="q">(Judy Frazer)</subfield>
    <subfield code="9">2467</subfield>
  </datafield>
  <datafield tag="245" ind1="1" ind2="0">
    <subfield code="a">Critical thinking in consumer behavior :</subfield>
    <subfield code="b">cases and experiential exercises /</subfield>
    <subfield code="c">Judy Graham.</subfield>
  </datafield>
  <datafield tag="250" ind1=" " ind2=" ">
    <subfield code="a">2nd ed.</subfield>
  </datafield>
  <datafield tag="260" ind1=" " ind2=" ">
    <subfield code="a">Boston :</subfield>
    <subfield code="b">Prentice Hall,</subfield>
    <subfield code="c">c2010.</subfield>
  </datafield>
  <datafield tag="300" ind1=" " ind2=" ">
    <subfield code="a">vi, 173 p. :</subfield>
    <subfield code="b">ill. ;</subfield>
    <subfield code="c">28 cm.</subfield>
  </datafield>
  <datafield tag="504" ind1=" " ind2=" ">
    <subfield code="a">Includes bibliographical references.</subfield>
  </datafield>
  <datafield tag="505" ind1=" " ind2=" ">
    <subfield code="a">Contents: Section I: The importance of customer centricity: Customer retention and profitability -- Measuring customer loyalty with the net promoter score -- Customer experience management -- Section II: Customer perception: Information overload -- The just noticeable difference -- Perceptual maps -- Section III: Customer learning and memory -- Behavioral learning: classical and operant conditioning -- Memorable taglines -- Memory models and promotional strategies -- Section IV: Customer motivation and personality: The great debate -- Maslow's need hierarchy and customer motivation -- Appealing to the Id, superego, and ego -- Section V: Segmenting. targeting, and positioning: VALStm segmentation categories -- Positioning strategies -- Adopter categories -- Section VI: Reference group influence and diffusion of innovation: Forms of reference group influence -- Types of reference groups -- Diffusion of innovation -- Section VII: Customer attitudes: Hierarchies of effects -- The fishbein model of attitude measurement -- The extended fishbein model -- Section VIII: Marketing communication and attitude change: Multiattribute models and attitude change strategies -- The elaboration likelihood model -- Social judgement theory and attitude change -- Balance theory and spokesperson strategies -- Section IX: Customer decision making: Group/family decision making -- Decision heuristics -- Decision rules I: Introduction to decision rules -- Decision rules II: The application of decision rules -- Section X: Quantitative and interpretive consumer research: Projective techniques -- Laddering interviews and means-end analysis -- Information display boards -- Section XI: Cultural and subcultural influences: The diversity of customer behavior -- Culture and customer behavior -- The Chinese consumer</subfield>
  </datafield>
  <datafield tag="650" ind1=" " ind2="0">
    <subfield code="a">Consumer behavior</subfield>
    <subfield code="v">Case studies.</subfield>
    <subfield code="9">2468</subfield>
  </datafield>
  <datafield tag="906" ind1=" " ind2=" ">
    <subfield code="a">7</subfield>
    <subfield code="b">cbc</subfield>
    <subfield code="c">orignew</subfield>
    <subfield code="d">3</subfield>
    <subfield code="e">ncip</subfield>
    <subfield code="f">20</subfield>
    <subfield code="g">y-gencatlg</subfield>
  </datafield>
  <datafield tag="942" ind1=" " ind2=" ">
    <subfield code="2">lcc</subfield>
    <subfield code="c">BK</subfield>
  </datafield>
  <datafield tag="999" ind1=" " ind2=" ">
    <subfield code="c">10076</subfield>
    <subfield code="d">17576</subfield>
  </datafield>
  <datafield tag="952" ind1=" " ind2=" ">
    <subfield code="0">0</subfield>
    <subfield code="1">0</subfield>
    <subfield code="2">lcc</subfield>
    <subfield code="4">0</subfield>
    <subfield code="7">0</subfield>
    <subfield code="a">WIUC-KL</subfield>
    <subfield code="b">WIUC-KL</subfield>
    <subfield code="c">GEN</subfield>
    <subfield code="d">2023-03-15</subfield>
    <subfield code="o">HF5415.32.G72(2e)</subfield>
    <subfield code="p">K/3072/0170/23</subfield>
    <subfield code="r">2023-10-04 00:00:00</subfield>
    <subfield code="w">2023-10-04</subfield>
    <subfield code="y">BK</subfield>
  </datafield>
</record>
